Diccionario Pschyrembel de Ginecología y Obstetricia / (Registro nro. 300)

Detalles MARC
000 -LEADER
fixed length control field 00900 am a2200229 a 4500
005 - FECHA ULTIMA MODIFICACION
control field 20240517102626.0
008 - CAMPO DE CONTROL (LIBRO)
fixed length control field 100510s1988||||xxua f |||| 00| 0 spa d
020 ## - INTERNATIONAL STANDARD BOOK NUMBER
ISBN 3110118769
041 ## - CODIGO DE IDIOMA
Código de idioma del texto/pista de sonido o título separado spa
092 ## - SIGNATURA TOPOGRAFICA DEWEY LOCAL
número de clasificación 618.03
libristica 16
sección DIC
100 1# - ENTRADA PRINCIPAL--NOMBRE PERSONAL
Nombre personal Zink, Christoph
Función Dir.
9 (RLIN) 209
245 ## - TITULO PROPIAMENTE DICHO
Título Diccionario Pschyrembel de Ginecología y Obstetricia /
Mención de responsabilidad y remanente de la transcripción de la portada Christoph Zink
250 ## - MENCION DE EDICION
Mención de edición 1a ed.
Mención de responsabilidad relacionada con la ed. Traducción Enrique Alemán ; Christof Burger ; Santos Martín ; Juan Luis Neumann ; Eduardo Pardo Montero ; Alfredo Muñoz Giner ; Juan Francisco Sarti y Stefan Schwarz
260 ## - PIE DE IMPRENTA
Lugar de publicación, distribución, etc Berlin ; New York:
Nombre de la editorial, distribuidor, etc Walter de Gruyter;
Fecha de publicación 1988.
300 ## - DESCRIPCION FISICA
Extension 295 p.
500 ## - NOTA GENERAL
Nota general Zink, C. (Dir.). (1988). Diccionario Pschyrembel de Ginecología y Obstetricia. (1a ed.). Berlin ; New York : Walter de Gruyter.
653 ## - TÉRMINO INDIZADO - PALABRAS CLAVES
Palabra clave Diccionario
653 ## - TÉRMINO INDIZADO - PALABRAS CLAVES
Palabra clave Ginecología
653 ## - TÉRMINO INDIZADO - PALABRAS CLAVES
Palabra clave Obstetricia
930 ## - NUMERO DE INVENTARIO
Número de inventario 1797
942 ## - ADDED ENTRY ELEMENTS (KOHA)
Source of classification or shelving scheme Dewey Decimal Classification
Item type Libros
Existencias
Estado de retiro Existencia Estado general No para prestamo Ubicación permanente ubicación actual Sala de ubicación Fecha de adquisición Total Checkouts Número de clasificación Código de barras Date last seen Número de ejemplar Price effective from Koha tipo de elemento (item)
        Biblioteca Medicina Biblioteca Medicina Circulación 13/05/2011   618.03 16 DIC 1797 06/11/2014 ej.1 13/05/2011 Libros

UNIVERSIDAD NACIONAL DEL COMAHUE
Biblioteca de la Facultad de Ciencias Médicas
Sede Toschi: Los Arrayanes y Av. Toschi, Cipolletti  - Rio Negro
Sede Los Tordos:  Yrigoyen al 2211, Cipolletti - Rio Negro 

Teléfono: 0299 - 4774707 int 25
Contacto: biblioteca@facimed.uncoma.edu.ar
© 2011 - 2026